| 000 | 00435nam a22001337a 4500 | ||
|---|---|---|---|
| 020 | _qPB. | ||
| 040 | _cFIZZA ISHAQ | ||
| 082 |
_a658.4012 _bMAR |
||
| 100 |
_aJensen, Marlene. _9132166 |
||
| 245 |
_aThe Everything Business Planning Book: How to Plan for Success in a New or Growing Business / _cMarlene Jensen. |
||
| 260 |
_aNEW YORK: _bAdams Media, _c2001. |
||
| 300 |
_aINDEX INC; 297 P. ; _c8 x 0.84 x 9.25 inches |
||
| 942 |
_2ddc _cBK |
||
| 999 |
_c615437 _d615437 |
||